000 00346nam a2200109Ia 4500
008 171204s9999 xx 000 0 und d
245 4 _aThe Handbook of Fixed Income Securities:
245 _cFrank J. Fabozzi and Steven V. Mann
260 _c2016
650 _xCAPITAL AND SECURITIES MARKET
856 _uhttp://down.ebook777.com/059/0071768467.pdf
999 _c345676
_d345676